ბათუმის შოთა რუსთაველის სახელმწიფო უნივერსიტეტის ბიბლიოთეკა

ნოველები ; ვარსკვლავთცვენა (ბიბ.ჩანაწერი № 49818)

000 -LEADER
fixed length control field 00809nam a2200229Ia 4500
001 - CONTROL NUMBER
control field 16753
003 - CONTROL NUMBER IDENTIFIER
control field GE_BSU
008 - FIXED-LENGTH DATA ELEMENTS--GENERAL INFORMATION
fixed length control field 181216s||||||||xx |||||||||||||| ||und||
040 ## - CATALOGING SOURCE
Transcribing agency GE_BSU
080 ## - UNIVERSAL DECIMAL CLASSIFICATION NUMBER
Universal Decimal Classification number 821.353.1-32 + 821.353.1-31
100 ## - MAIN ENTRY--PERSONAL NAME
Personal name იოსელიანი, ოტია (1930-2011)
245 ## - TITLE STATEMENT
Title ნოველები ; ვარსკვლავთცვენა
245 ## - TITLE STATEMENT
Remainder of title რომანი
245 ## - TITLE STATEMENT
Statement of responsibility, etc. რედ. ზ.ფორჩხიძე. მხ.თ.მირზაშვილი
260 ## - PUBLICATION, DISTRIBUTION, ETC.
Place of publication, distribution, etc. თბილისი
260 ## - PUBLICATION, DISTRIBUTION, ETC.
Name of publisher, distributor, etc. საბჭ. საქართველო
260 ## - PUBLICATION, DISTRIBUTION, ETC.
Date of publication, distribution, etc. 1965
300 ## - PHYSICAL DESCRIPTION
Extent 482 გვ. ; 21 სმ.
653 ## - INDEX TERM--UNCONTROLLED
Uncontrolled term ნოველები ; ვარსკვლავთცვენა
653 ## - INDEX TERM--UNCONTROLLED
Uncontrolled term რომანი
942 ## - ADDED ENTRY ELEMENTS (KOHA)
Koha item type წიგნი
ეგზემპლარები
Withdrawn status Lost status Damaged status Not for loan Date acquired Barcode Date last seen Price effective from Koha item type
        2018-12-17 22202 2018-12-17 2018-12-17 წიგნი
        2018-12-17 22203 2018-12-17 2018-12-17 წიგნი